|
|
|
|
| LEADER |
00000nkm a2200000 a 4500 |
| 001 |
vtls011883398 |
| 003 |
SK-MaSNL |
| 005 |
20260331211607.0 |
| 007 |
kf bo |
| 008 |
230706q1905 xo g kuhun |
| 015 |
|
|
|a SNBG1905
|
| 035 |
|
|
|a urn:nbn:sk:snk-km00ducv
|
| 035 |
|
|
|a urn:nbn:sk:snk-km3ltp7
|
| 035 |
|
|
|a 5E2C57E2-EA0C-4043-8C50-360335A631F6
|
| 040 |
|
|
|a SNK
|b slo
|c SNK
|e AACR2
|
| 041 |
0 |
|
|a hun
|
| 043 |
|
|
|a e-xo---
|
| 044 |
|
|
|a xo
|c SK
|
| 072 |
|
7 |
|a 913
|x Regionálna geografia
|2 konspekt
|
| 080 |
|
|
|a 913(437.6)
|2 2011
|
| 080 |
|
|
|a 726:27-523.42
|2 2011
|
| 080 |
|
|
|a 94(084.121)
|2 2011
|
| 080 |
|
|
|a 640.412
|2 2011
|
| 080 |
|
|
|a 728.82
|2 2011
|
| 100 |
1 |
|
|a Kővári, S.
|c (fotograf)
|4 pht
|9 436309
|
| 245 |
1 |
0 |
|a Üdvözlet Diószegről
|h grafika
|b Róm. kath. templom : kastély : Wollner-zsálloda
|c Kővári S. fényképész
|
| 260 |
|
|
|a [Sládkovičovo?]
|b Karsay József kiadása
|c [1905?]
|
| 300 |
|
|
|a 1 pohľadnica (3 čiastkové pohľady)
|b čiernobiela
|c 9 x 14 cm
|
| 500 |
|
|
|a Názvové údaje prevzaté z obrazovej časti pohľadnice
|
| 500 |
|
|
|a Na obrazovej časti uvedené: "Kővári S. fényképész, Galánta"
|
| 520 |
8 |
|
|a Zobrazenie: Na bielom podklade pohľady na budovu kostola, kaštieľa a na budovu hotela, pred ktorým stoja ľudia. V spodnej pravej časti pohľadnice sa nachádza biely rámček na správu
|
| 610 |
2 |
7 |
|a Hotel Wollner (Sládkovičovo, Slovensko)
|2 SNKKA
|9 436310
|
| 650 |
0 |
7 |
|a kostoly
|2 SNKPH
|9 3023
|
| 650 |
0 |
7 |
|a kaštiele
|2 SNKPH
|9 28599
|
| 650 |
0 |
7 |
|a hotely
|2 SNKPH
|9 18422
|
| 651 |
|
7 |
|a Sládkovičovo (Slovensko)
|2 SNKPHgeo
|9 73212
|
| 655 |
|
7 |
|a miestne pohľadnice
|2 SNKPH
|9 70510
|
| 655 |
|
7 |
|a historické pohľadnice
|2 SNKPH
|9 159703
|
| 852 |
|
|
|a Slovenská národná knižnica
|
| 958 |
|
|
|a GBN
|
| 958 |
|
|
|a GC
|
| 958 |
|
|
|a ONDV
|
| 999 |
|
|
|c 690039
|d 691969
|
| 952 |
|
|
|a SNK
|b SNK
|y PREZ
|7 0
|p 17A1225233
|o snkSP 21321
|z Pohľadnica prešla poštou.
|0 0
|1 0
|4 0
|d 2019-08-23
|f 1
|l 0
|r 2026-02-23 20:24:33
|w 2026-02-23
|